| 000 | 00643cam a22001574a 4500 | ||
|---|---|---|---|
| 020 | _a1856496112 (hbk.) | ||
| 020 | _a1856496120 (pbk.) | ||
| 050 | 0 | 0 |
_aR725.5 _b.M465 2001 |
| 245 | 0 | 4 |
_aThe medical profession and human rights : _bhandbook for a changing agenda / _cBritish Medical Association. |
| 260 |
_aLondon ; _aNew York : _bZed Books ; _aLondon : _bBMA ; _aNew York : _bDistributed in the United States by Palgrave, _c2001. |
||
| 300 | _axxxiii, 561 p. ; | ||
| 650 | 0 | _xProfessional ethics. | |
| 856 | 4 | 2 | _uhttp://www.loc.gov/catdir/description/hol051/00043429.html |
| 856 | 4 | 1 | _uhttp://www.loc.gov/catdir/toc/hol051/00043429.html |
| 942 | _cGEN | ||
| 999 |
_c1418 _d1418 |
||